| 000 | 00939nam a2200289 a 4500 | ||
|---|---|---|---|
| 003 | BLK | ||
| 005 | 20250107132243.0 | ||
| 008 | 180407b bul|||||r ||||||| ||bul|| | ||
| 010 | _aKNG00031291000 | ||
| 020 | _a9548440261 | ||
| 040 | _aBLK | ||
| 041 |
_aBUL _cBUL |
||
| 080 |
_aАнглийска литература _b821.111 _x-31 _z821.111-31 |
||
| 100 | 1 |
_aМърдок, Айрис _9266061 |
|
| 245 | 1 | 0 |
_aСънят на Бруно _bРоман _cАйрис Мърдок ; прев. от англ. Бисера Янкова |
| 260 |
_aСофия _bРива _c1999 |
||
| 300 |
_a224 с. _c19 см |
||
| 380 | _aX | ||
| 500 | _aОриг. загл. Bruno's Dream / Iris Murdoch | ||
| 700 |
_9496729 _aЯнкова, Бисера |
||
| 852 |
_aЦб 203931 _bЦб |
||
| 856 | 4 | _qpdf | |
| 856 | 4 | _qpdf | |
| 942 |
_cKNG _n0 |
||
| 944 |
_aCR _c15.01.2003 _k30550 _lКети Илиева |
||
| 999 |
_c28692 _d28692 |
||